वायु प्रदुषण: (Record no. 48984)
[ view plain ]
| 000 -LEADER | |
|---|---|
| fixed length control field | 00621nam a22001937a 4500 |
| 008 - FIXED-LENGTH DATA ELEMENTS--GENERAL INFORMATION | |
| fixed length control field | 230703b |||||||| |||| 00| 0 eng d |
| 020 ## - INTERNATIONAL STANDARD BOOK NUMBER | |
| International Standard Book Number | 81-89612-29-8 |
| 040 ## - CATALOGING SOURCE | |
| Original cataloging agency | National Science Library |
| Transcribing agency | National Science Library |
| 080 ## - UNIVERSAL DECIMAL CLASSIFICATION NUMBER | |
| Universal Decimal Classification number | 504.3.054 |
| Item number | P6 |
| 100 ## - MAIN ENTRY--PERSONAL NAME | |
| Personal name | Tripathi, Madhusoodan |
| 245 ## - TITLE STATEMENT | |
| Title | वायु प्रदुषण: |
| Remainder of title | समस्या और समाधान |
| 246 ## - VARYING FORM OF TITLE | |
| Title proper/short title | Vaayu Pradushan: |
| Remainder of title | Samasya aur samadhan |
| 250 ## - EDITION STATEMENT | |
| Edition statement | 1st ed. |
| 260 ## - PUBLICATION, DISTRIBUTION, ETC. | |
| Place of publication, distribution, etc. | New Delhi: |
| Name of publisher, distributor, etc. | Omega Publications, |
| Date of publication, distribution, etc. | 2006 |
| 300 ## - PHYSICAL DESCRIPTION | |
| Extent | 168p. |
| 650 ## - SUBJECT ADDED ENTRY--TOPICAL TERM | |
| Topical term or geographic name entry element | Environmental science |
| 653 ## - INDEX TERM--UNCONTROLLED | |
| Uncontrolled term | Pollution |
| 942 ## - ADDED ENTRY ELEMENTS (KOHA) | |
| Source of classification or shelving scheme | Universal Decimal Classification |
| Koha item type | Hindi Books |
| Withdrawn status | Lost status | Source of classification or shelving scheme | Damaged status | Not for loan | Home library | Current library | Shelving location | Date acquired | Total Checkouts | Full call number | Barcode | Date last seen | Price effective from | Koha item type |
|---|---|---|---|---|---|---|---|---|---|---|---|---|---|---|
| Universal Decimal Classification | National Science Library | National Science Library | GF/Rk-1/C-10/R-4 | 05/10/2006 | 504.3.054 P6 | 226706 | 04/07/2023 | 05/10/2006 | Hindi Books |